Statistics for Airlines and their country(countries) of origin

Click here to take the quiz!

General Stats

  • This quiz has been taken 167 times
  • The average score is 18 of 25

Answer Stats

HintAnswer% Correct
Delta Air LinesUSA
99%
LufthansaGermany
99%
KLMthe Netherlands
97%
AeroflotRussia
97%
All Nippon AirwaysJapan
97%
Shenzhen AirlinesChina
96%
RyanairIreland
91%
SASScandinavia, Denmark, Sweden, Norway
90%
Asiana AirlinesSouth Korea
88%
El AlIsrael
88%
Lion AirIndonesia
82%
Aegean AirlinesGreece
82%
Kingfisher AirlinesIndia
81%
Air KoryoNorth Korea
72%
airBalticLatvia
72%
Virgin BlueAustralia
70%
Gulf AirBahrain
69%
Air AstanaKazakhstan
66%
Buddha AirNepal
59%
AtlasjetTurkey
50%
MalevHungary
49%
DrukairBhutan
43%
Air BaganMyanmar
38%
Air PacificFiji
36%
Atlas BlueMorocco
29%

Score Distribution

Percentile by Number Answered

Percent of People with Each Score

Your Score History

You have not taken this quiz